Campaña intenta deslegitimar fórmula de izquierda

Guardado en:
Bibliografiske detaljer
Format: Texto
Fag:
Tags: Tilføj Tag
Ingen Tags, Vær først til at tagge denne postø!

MARC

LEADER 00000 a a2200000 04500
001 6897
003
040
245 |a Campaña intenta deslegitimar fórmula de izquierda  
650 |a ELECCIONES  
650 |a MEDIOS DE COMUNICACION  
650 |a EL SALVADOR  
773 |g volumen 28, número 1266; páginas 9-10  
999 |c 36307  |d 36307